[Event "FIDE Online Olympiad"]
[Site "Chess.com"]
[Date "2020.08.14"]
[EventDate "2020.08.14"]
[Round "1"]
[Result "0-1"]
[White "Aizhan Alymbai kyzy"]
[Black "Bernadette Galas"]
[WhiteElo "1801"]
[BlackElo "2023"]
[PlyCount "130"]

1. e4 c5 2. c3 d5 3. exd5 Qxd5 4. d4 Nf6 5. Nf3 Bg4 6. Be2 e6
7. Na3 a6 8. Nc2 cxd4 9. cxd4 Qd8 10. O-O Be7 11. Ne3 Bh5
12. b3 O-O 13. Bb2 Nc6 14. Rc1 Nb4 15. a3 Nbd5 16. Ne5 Bxe2
17. Qxe2 Bd6 18. N3g4 Nxg4 19. Qxg4 Qe7 20. Nc4 Bc7 21. Qf3
Rac8 22. Ne3 Qd6 23. g3 Bb8 24. Nc4 Qe7 25. a4 b5 26. axb5
axb5 27. Ne3 Qf6 28. Qe4 Qg6 29. Qf3 Qd3 30. Qd1 Qxd1
31. Rfxd1 Bd6 32. Kg2 f6 33. Nxd5 exd5 34. Re1 Kf7 35. Ra1 Rc2
36. Ra7+ Kg6 37. Bc1 Bb4 38. Rd1 Re8 39. Rb7 Ree2 40. Rf1 Bc3
41. Rxb5 Bxd4 42. Rxd5 Bxf2 43. Kh3 h5 44. Bf4 Be3 45. g4
hxg4+ 46. Kxg4 Rg2+ 47. Kf3 Bxf4 48. Kxf4 Rxh2 49. Rg1+ Kh6
50. Rd7 Rh4+ 51. Kf5 Rc5+ 52. Ke6 Re5+ 53. Kf7 Rg5 54. Rxg5
fxg5 55. Kg8 Rb4 56. Rd3 Rb7 57. Kf8 g4 58. Rg3 Kg5 59. b4 Kf4
60. Rg1 g3 61. b5 Kf3 62. b6 g2 63. Rb1 Kf2 64. Ke8 g1=Q
65. Rxg1 Kxg1 0-1

[Event "FIDE Online Olympiad"]
[Site "Chess.com"]
[Date "2020.08.14"]
[EventDate "2020.08.14"]
[Round "1"]
[Result "0-1"]
[White "Shakhnazi Musaeva"]
[Black "Jerlyn Mae San Diego"]
[WhiteElo "1543"]
[BlackElo "1670"]
[PlyCount "60"]

1. e4 c5 2. Nf3 g6 3. d4 cxd4 4. Qxd4 Nf6 5. e5 Nc6 6. Qh4
Nxe5 7. Nxe5 Qa5+ 8. Nc3 Qxe5+ 9. Be2 Bg7 10. O-O O-O 11. Bf4
Qc5 12. Bf3 d5 13. Rad1 d4 14. Ne4 Nxe4 15. Bxe4 e5 16. Bg5 f6
17. Bh6 f5 18. b4 Qxb4 19. Rb1 Qd6 20. Bxb7 Rb8 21. Bd5+ Be6
22. Bxg7 Kxg7 23. Bf3 Bc4 24. Rfe1 e4 25. Bxe4 fxe4 26. Qxe4
Bxa2 27. Ra1 Bf7 28. Rxa7 Rbe8 29. Rxf7+ Kxf7 30. Qb7+ Kg8 0-1

[Event "FIDE Online Olympiad"]
[Site "Chess.com"]
[Date "2020.08.14"]
[EventDate "2020.08.14"]
[Round "1"]
[Result "0-1"]
[White "Bahar Hallaeva"]
[Black "Medina Warda Aulia"]
[WhiteElo "2096"]
[BlackElo "2344"]
[PlyCount "96"]

1. e4 e6 2. d4 d5 3. exd5 exd5 4. Bd3 Bd6 5. Qf3 Ne7 6. Ne2
Nbc6 7. c3 Be6 8. Bf4 Qd7 9. Nd2 O-O-O 10. Bxd6 Qxd6 11. Qf4
f6 12. Qxd6 Rxd6 13. Nf4 Bf5 14. O-O h5 15. Rfe1 g5 16. Bxf5+
Nxf5 17. Nd3 b6 18. Re2 a5 19. Rae1 Kd8 20. Nf1 Nce7 21. f3 h4
22. Kf2 Ng6 23. Ne3 Nxe3 24. Rxe3 Kd7 25. f4 Rh7 26. Kf3 gxf4
27. Nxf4 Ne7 28. Ne6 Ng6 29. Kg4 a4 30. a3 Rh6 31. Nf4 Nxf4
32. Kxf4 Rg6 33. Re7+ Kc6 34. R1e2 Rd8 35. R7e6+ Kb5 36. Kf5
Rdg8 37. Rxf6 Rxg2 38. Rfe6 h3 39. Kf4 Rf8+ 40. Ke3 Rfg8
41. Kd3 Rxe2 42. Rxe2 Rg2 43. Kd2 Kc4 44. Ke3 Rxe2+ 45. Kxe2
Kb3 46. Kf3 Kxb2 47. Kg3 Kxa3 48. Kxh3 Kb2 0-1

[Event "FIDE Online Olympiad"]
[Site "Chess.com"]
[Date "2020.08.14"]
[EventDate "2020.08.14"]
[Round "1"]
[Result "0-1"]
[White "Annagozel Mekanova"]
[Black "Ummi Fisabilillah"]
[WhiteElo "1691"]
[BlackElo "2182"]
[PlyCount "112"]

1. e4 e6 2. d4 d5 3. exd5 exd5 4. Bd3 Nc6 5. c3 Bd6 6. Ne2
Nge7 7. O-O Bg4 8. h3 Bh5 9. Qc2 Bg6 10. Nf4 Bxd3 11. Qxd3 Qd7
12. b4 O-O 13. Na3 a6 14. Nc2 Rfe8 15. Bd2 h6 16. Rfe1 Na7
17. a4 Nac8 18. Nh5 Kh8 19. Bxh6 Rg8 20. Qf3 Qf5 21. Qxf5 Nxf5
22. Bf4 Nb6 23. Bxd6 Nxd6 24. a5 Nbc4 25. Re7 Rac8 26. Nf4 c6
27. Rae1 Rgd8 28. Nd3 Kg8 29. Nc5 Rb8 30. Ne3 Na3 31. Ng4 Nab5
32. Ne5 Nxc3 33. Ned7 Ra8 34. Nb6 Rab8 35. Ncd7 Ncb5 36. Nxb8
Rxb8 37. Rd7 Ne4 38. f3 Nf6 39. Rde7 Nxd4 40. Nd7 Nxd7
41. Rxd7 Ne6 42. f4 Nxf4 43. Ree7 Rf8 44. Rxb7 d4 45. Kf2 Nd5
46. Re4 f5 47. Rxd4 Re8 48. Rd3 Re4 49. Rb8+ Kh7 50. Rb3 Rc4
51. Kg1 f4 52. Kh2 Rc1 53. Ra8 Ne3 54. h4 Ng4+ 55. Kh3 Nf2+
56. Kh2 Rh1# 0-1

[Event "FIDE Online Olympiad"]
[Site "Chess.com"]
[Date "2020.08.14"]
[EventDate "2020.08.14"]
[Round "1"]
[Result "0-1"]
[White "Ziaur Rahman"]
[Black "Daniel Grigoryevich Fridman"]
[WhiteElo "2533"]
[BlackElo "2610"]
[PlyCount "90"]

1. d4 d5 2. Nf3 Nf6 3. g3 c6 4. Bg2 Bf5 5. c4 e6 6. Nc3 Nbd7
7. Qb3 Qb6 8. c5 Qc7 9. Bf4 Qc8 10. Nh4 Bg6 11. Nxg6 hxg6
12. O-O Be7 13. Qc2 O-O 14. b4 a6 15. f3 b6 16. e4 a5 17. a3
axb4 18. axb4 Rxa1 19. Rxa1 bxc5 20. bxc5 dxe4 21. Nxe4 Nxe4
22. Qxe4 Nf6 23. Qd3 Rd8 24. Qa6 Nd5 25. Qxc8 Rxc8 26. Ra7
Nxf4 27. Rxe7 Ne2+ 28. Kf2 Nxd4 29. Rb7 Ra8 30. g4 e5 31. Bf1
Ra3 32. Bc4 Rxf3+ 33. Kg2 g5 34. Re7 Kf8 35. Rxe5 Rc3 36. Ba6
Ne6 37. Bb7 Nf4+ 38. Kf1 f6 39. Re4 Rxc5 40. h4 Rc1+ 41. Kf2
Nd3+ 42. Kg3 Nc5 43. Rb4 Rc3+ 44. Kg2 Nxb7 45. Rxb7 gxh4 0-1

[Event "FIDE Online Olympiad"]
[Site "Chess.com"]
[Date "2020.08.14"]
[EventDate "2020.08.14"]
[Round "1"]
[Result "0-1"]
[White "Luis Engel"]
[Black "Rahman Mohammad Fahad"]
[WhiteElo "2279"]
[BlackElo "2243"]
[PlyCount "130"]

1. e4 e5 2. Nf3 Nc6 3. Bb5 a6 4. Ba4 Nf6 5. d3 b5 6. Bb3 Bc5
7. Nc3 h6 8. Nd5 d6 9. c3 Rb8 10. d4 Ba7 11. Be3 Ng4 12. dxe5
Nxe3 13. Nxe3 Bxe3 14. fxe3 O-O 15. O-O Qe7 16. exd6 cxd6
17. Qd5 Bb7 18. Rad1 Rbd8 19. Qf5 Na5 20. Bc2 Nc4 21. e5 g6
22. Qf4 Kg7 23. Qf6+ Qxf6 24. exf6+ Kh7 25. Kf2 Rfe8 26. Rfe1
Nxb2 27. Rd4 Nc4 28. Bb3 d5 29. Bxc4 dxc4 30. Red1 Rxd4
31. Rxd4 Bxf3 32. gxf3 Re6 33. Rd7 Rxf6 34. e4 Kg7 35. Ke3 g5
36. e5 Rf5 37. Ke4 Rf4+ 38. Kd5 Rxf3 39. e6 Kf8 40. e7+ Ke8
41. Ra7 Rf6 42. a4 g4 43. axb5 axb5 44. Kc5 h5 45. Kxb5 h4
46. Kxc4 g3 47. hxg3 hxg3 48. Ra2 Rf2 49. Ra8+ Kxe7 50. Rg8
Rf3 51. Kd4 f5 52. c4 f4 53. c5 Rf1 54. c6 Rc1 55. Kd5 Kf6
56. Ke4 Rc4+ 57. Kf3 Ke5 58. Rg5+ Kd6 59. Rg6+ Kc7 60. Rf6 Kb6
61. Kg2 Rc2+ 62. Kf3 Rf2+ 63. Ke4 g2 64. Rg6 f3 65. Kd5 Rf1
0-1

[Event "FIDE Online Olympiad"]
[Site "Chess.com"]
[Date "2020.08.14"]
[EventDate "2020.08.14"]
[Round "1"]
[Result "0-1"]
[White "Olga Badelka"]
[Black "Antoaneta Stefanova"]
[WhiteElo "2246"]
[BlackElo "2461"]
[PlyCount "112"]

1. d4 d5 2. c4 c6 3. cxd5 cxd5 4. Bg5 Nf6 5. Bxf6 gxf6 6. Nc3
f5 7. e3 e6 8. Bd3 Nc6 9. Nf3 Bg7 10. O-O Bd7 11. Rc1 O-O
12. a3 Kh8 13. g3 Rc8 14. b4 Rg8 15. Kh1 Be8 16. Ne2 f6
17. Nh4 Bf7 18. Qa4 Qb6 19. Rc2 Be8 20. b5 Ne7 21. Rxc8 Nxc8
22. Qb3 Nd6 23. a4 a6 24. Rc1 axb5 25. axb5 Bd7 26. Nf4 Rc8
27. Rxc8+ Bxc8 28. Qb4 Bf8 29. Qc5 Qxc5 30. dxc5 Ne4 31. Bxe4
fxe4 32. c6 bxc6 33. bxc6 Kg8 34. f3 Bc5 35. fxe4 dxe4
36. Nhg2 Kf7 37. Ne2 f5 38. h3 Ke7 39. g4 Kd6 40. Nd4 Bxd4
41. exd4 Kd5 42. Kg1 Kxd4 43. Kf2 Kd5 44. c7 Kd6 45. g5 Kxc7
46. h4 Kd6 47. h5 Ke7 48. Nf4 Kf7 49. Ke3 e5 50. Nd5 Bb7
51. Nf6 h6 52. Nd7 f4+ 53. Ke2 hxg5 54. Nxe5+ Kg7 55. Ng4 Bc8
56. Nf2 Bf5 0-1

[Event "FIDE Online Olympiad"]
[Site "Chess.com"]
[Date "2020.08.14"]
[EventDate "2020.08.14"]
[Round "1"]
[Result "0-1"]
[White "Lennert Lenaerts"]
[Black "Anton Smirnov"]
[WhiteElo "2350"]
[BlackElo "2367"]
[PlyCount "80"]

1. d4 Nf6 2. c4 e6 3. Nc3 Bb4 4. g3 d5 5. Nf3 O-O 6. Bg2 dxc4
7. O-O Nc6 8. Qa4 Nd5 9. Qc2 Be7 10. Rd1 Nb6 11. e4 Bd7
12. Qe2 Nb4 13. Ne5 Nd3 14. Nxd3 cxd3 15. Qxd3 c5 16. d5 exd5
17. exd5 Bd6 18. Ne4 Bf5 19. Qc3 Bxe4 20. Bxe4 Re8 21. Bg2 Nd7
22. Be3 b6 23. a4 h6 24. Qb3 Rb8 25. Qb5 Nf6 26. Bf3 Qc8
27. Kg2 Ng4 28. Re1 Nxe3+ 29. Rxe3 Rxe3 30. fxe3 Qf5 31. Qc4
Re8 32. Re1 Qf6 33. b3 g6 34. Qd3 h5 35. Rf1 Qg5 36. e4 h4
37. Bd1 hxg3 38. hxg3 Rxe4 39. Rf3 Rd4 40. Qf1 Rd2+ 0-1

[Event "FIDE Online Olympiad"]
[Site "Chess.com"]
[Date "2020.08.14"]
[EventDate "2020.08.14"]
[Round "1"]
[Result "0-1"]
[White "Annelies Cuvelier"]
[Black "Zhang Jilin"]
[WhiteElo "1696"]
[BlackElo "2246"]
[PlyCount "106"]

1. e4 c5 2. Nf3 e6 3. d4 cxd4 4. Nxd4 a6 5. Nc3 d6 6. Be2 Nf6
7. O-O Be7 8. Be3 O-O 9. f4 Qc7 10. Bf3 Nc6 11. Nxc6 bxc6
12. g4 d5 13. g5 Nd7 14. e5 Rb8 15. b3 c5 16. Ne2 d4 17. Bf2
Bb7 18. Ng3 Rfd8 19. h4 Nf8 20. h5 f5 21. gxf6 gxf6 22. Bxb7
Rxb7 23. Qg4+ Kh8 24. Rae1 f5 25. Qf3 Qd7 26. Kh2 Qd5 27. Qxd5
Rxd5 28. Rg1 Bd8 29. Re2 Rdd7 30. h6 Ng6 31. Nh5 Be7 32. Kh3
Bf8 33. Bh4 Bxh6 34. Bf6+ Kg8 35. Reg2 Kf7 36. a4 d3 37. cxd3
Rxb3 38. Rg3 Rdxd3 39. Rxd3 Rxd3+ 40. Rg3 Rxg3+ 41. Kxg3 c4
42. Kf3 c3 43. Ke2 Nxf4+ 44. Nxf4 Bxf4 45. Kd3 Bd2 46. Bh4 h5
47. Bg3 f4 48. Bf2 Kg6 49. Kc2 Kf5 50. Bd4 f3 51. Bf2 Kxe5
52. Kd3 Kf5 53. Kc2 e5 0-1

[Event "FIDE Online Olympiad"]
[Site "Chess.com"]
[Date "2020.08.14"]
[EventDate "2020.08.14"]
[Round "1"]
[Result "0-1"]
[White "Warre De Waele"]
[Black "Temur Kuybokarov"]
[WhiteElo "2238"]
[BlackElo "2134"]
[PlyCount "60"]

1. d4 Nf6 2. Nf3 g6 3. c4 Bg7 4. g3 O-O 5. Bg2 d6 6. O-O c6
7. Nc3 Bf5 8. b3 Ne4 9. Bb2 Nxc3 10. Bxc3 Be4 11. Qd2 Nd7
12. Rac1 Nf6 13. Rfe1 d5 14. cxd5 Qxd5 15. Bb4 Rfe8 16. Red1
Rad8 17. Bc5 b6 18. Bb4 Qh5 19. Qe1 Nd5 20. Ba3 Nc7 21. Bb2
Ne6 22. h3 c5 23. g4 Qh6 24. e3 Bxf3 25. Bxf3 Qxh3 26. Qe2
cxd4 27. Bg2 Qh4 28. exd4 Bxd4 29. Bxd4 Nxd4 30. Qe4 f5 0-1

[Event "FIDE Online Olympiad"]
[Site "Chess.com"]
[Date "2020.08.14"]
[EventDate "2020.08.14"]
[Round "2"]
[Result "0-1"]
[White "Semetey Tologontegin"]
[Black "Max Illingworth"]
[WhiteElo "2322"]
[BlackElo "2498"]
[PlyCount "84"]

1. d4 Nf6 2. Nc3 d5 3. Bf4 a6 4. e3 e6 5. g4 Bb4 6. Ne2 O-O
7. a3 Be7 8. Ng3 Ne8 9. h4 c5 10. g5 Nc6 11. Nce2 Qb6 12. Rb1
Nd6 13. h5 Nc4 14. c3 e5 15. dxe5 Be6 16. g6 Rad8 17. gxh7+
Kh8 18. Bg2 d4 19. exd4 cxd4 20. cxd4 Nxd4 21. Qc1 Nxe5
22. Bxe5 Qa5+ 23. Qc3 Qxe5 24. f4 Qf6 25. Ne4 Nxe2 26. Qxf6
gxf6 27. Kxe2 Kxh7 28. Rbd1 Rc8 29. Rc1 Kh6 30. Bf3 b5 31. Ke3
Bc4 32. b4 Bd8 33. Kf2 Bb6+ 34. Kg2 Rg8+ 35. Ng3 Be3 36. Rc3
Bxf4 37. Bb7 Rcd8 38. Kh3 Be6+ 39. Kh2 Be5 40. Re3 Rd2+
41. Bg2 Rxg3 42. Rxg3 Rd3 0-1

[Event "FIDE Online Olympiad"]
[Site "Chess.com"]
[Date "2020.08.14"]
[EventDate "2020.08.14"]
[Round "2"]
[Result "0-1"]
[White "Aizhan Alymbai kyzy"]
[Black "Julia Ryjanova"]
[WhiteElo "1801"]
[BlackElo "2259"]
[PlyCount "86"]

1. e4 c6 2. d4 d5 3. Nc3 dxe4 4. Nxe4 Nf6 5. Ng3 h5 6. h4 Bg4
7. f3 Qd6 8. N1e2 Bd7 9. c3 e5 10. dxe5 Qxe5 11. Bf4 Qe6
12. Qc2 Bc5 13. Ne4 Nxe4 14. Qxe4 Qxe4 15. fxe4 Bg4 16. O-O-O
Nd7 17. Rd2 Nf6 18. Ng3 O-O 19. Be2 Bxe2 20. Rxe2 g6 21. Rd1
Be7 22. Bg5 Rfe8 23. Red2 Kg7 24. Kc2 Ng4 25. Kb3 Bxg5
26. hxg5 Ne5 27. Ne2 Re7 28. Rd6 Rae8 29. c4 Ng4 30. Nc3 Re5
31. Rd7 R8e7 32. g3 Nf2 33. R1d2 Nh3 34. Rxe7 Rxe7 35. Rd8
Nxg5 36. Ra8 a6 37. Rb8 Ne6 38. Kb4 g5 39. Rd8 h4 40. Rd3 Kg6
41. Rf3 g4 42. Re3 h3 43. Ne2 h2 0-1

[Event "FIDE Online Olympiad"]
[Site "Chess.com"]
[Date "2020.08.14"]
[EventDate "2020.08.14"]
[Round "2"]
[Result "0-1"]
[White "Arzybek Sezdbekov"]
[Black "Temur Kuybokarov"]
[WhiteElo "1818"]
[BlackElo "2134"]
[PlyCount "146"]

1. e4 c5 2. Nf3 d6 3. d4 cxd4 4. Nxd4 Nf6 5. Nc3 a6 6. Rg1 b5
7. g4 Bb7 8. g5 Nxe4 9. Nxe4 Bxe4 10. a4 b4 11. Rg4 d5 12. f3
Bg6 13. Bf4 e6 14. Qd2 Be7 15. Bxb8 Qxb8 16. Nc6 Qd6 17. Nxe7
Kxe7 18. Rxb4 Rhb8 19. Rxb8 Rxb8 20. c3 Qb6 21. b4 a5 22. Bb5
Rc8 23. bxa5 Qxa5 24. c4 Qxd2+ 25. Kxd2 dxc4 26. Kc3 Rc5
27. h4 Bh5 28. f4 Rf5 29. Bc6 Kd6 30. Bh1 Kc7 31. a5 Kb8
32. Rb1+ Ka7 33. Rb7+ Ka6 34. Kb4 Rxa5 35. Rb8 Rf5 36. Ra8+
Kb6 37. Rb8+ Kc7 38. Rb7+ Kc8 39. Kxc4 Rxf4+ 40. Kc5 Rf1
41. Be4 Re1 42. Bg2 Rg1 43. Be4 Bg6 44. Bf3 Rg3 45. Bh1 Rh3
46. Bg2 Rh2 47. Bf3 Bh5 48. Be4 Rxh4 49. Bc6 Rh2 50. Kd6 Rd2+
51. Ke7 Rc2 52. Be4 Rc7+ 53. Rxc7+ Kxc7 54. Bxh7 Kc6 55. g6
Bxg6 56. Bxg6 fxg6 57. Kxe6 Kc7 58. Ke5 Kd7 59. Kf4 Ke6
60. Kg5 Kf7 61. Kg4 Kf6 62. Kf4 g5+ 63. Kg4 Kg6 64. Kg3 Kf5
65. Kf3 g4+ 66. Kg3 Kg5 67. Kg2 Kf4 68. Kf2 g3+ 69. Kg2 Kg4
70. Kg1 Kf3 71. Kf1 g2+ 72. Kg1 g6 73. Kh2 Kf2 0-1

[Event "FIDE Online Olympiad"]
[Site "Chess.com"]
[Date "2020.08.14"]
[EventDate "2020.08.14"]
[Round "2"]
[Result "0-1"]
[White "Kastriot Memeti"]
[Black "Tsvetan Stoyanov"]
[WhiteElo "2129"]
[BlackElo "2039"]
[PlyCount "100"]

1. d4 Nf6 2. Bf4 d5 3. e3 c5 4. Nc3 cxd4 5. exd4 a6 6. Nf3 Bg4
7. h3 Bxf3 8. Qxf3 Nc6 9. O-O-O e6 10. g4 Qa5 11. Kb1 Bb4
12. Ne2 Ne4 13. c3 Be7 14. Nc1 b5 15. h4 Qb6 16. Qe3 Nd6
17. Bxd6 Bxd6 18. Bg2 O-O-O 19. h5 Rhe8 20. Rhe1 Re7 21. f4
Kb8 22. Nd3 Na5 23. b3 Rc8 24. Rc1 Rec7 25. Ne5 f6 26. Nf3 Ba3
27. Rc2 b4 28. Qxe6 Qb7 29. Re3 bxc3 30. Ne1 Nxb3 31. axb3
Qxb3+ 32. Ka1 Rb7 33. Qxc8+ Ka7 34. Qxb7+ Qxb7 35. Rexc3 Bd6
36. Nd3 Qb5 37. Nc5 Qb4 38. Rb3 Qxd4+ 39. Ka2 Bxc5 40. Rcb2
Qc4 41. Kb1 a5 42. Bf3 Bb4 43. f5 Kb6 44. Be2 Qe4+ 45. Ka2 Kc5
46. Bf3 Qc4 47. Be2 Qf4 48. Bf3 Kd6 49. Rd3 Qc4+ 50. Rdb3 a4
0-1

[Event "FIDE Online Olympiad"]
[Site "Chess.com"]
[Date "2020.08.14"]
[EventDate "2020.08.14"]
[Round "2"]
[Result "0-1"]
[White "Tyani De Rycke"]
[Black "Beloslava Krasteva"]
[WhiteElo "1924"]
[BlackElo "1605"]
[PlyCount "78"]

1. e4 c5 2. Nc3 Nc6 3. g3 g6 4. Bg2 Bg7 5. d3 d6 6. Be3 Rb8
7. Qd2 b5 8. Nge2 b4 9. Nd1 Nd4 10. c3 bxc3 11. bxc3 Nxe2
12. Qxe2 e6 13. O-O Ne7 14. f4 O-O 15. e5 Ba6 16. exd6 Qxd6
17. Nf2 Nf5 18. Rac1 Rfd8 19. Rfd1 Nxe3 20. Qxe3 Qc7 21. Ne4
Rbc8 22. Kh1 Qa5 23. Rd2 Qa3 24. Rcc2 Bb5 25. h3 Ba4 26. Rb2
Bxc3 27. Nxc3 Qxc3 28. Rb7 a5 29. Qe2 c4 30. Bf1 cxd3 31. Qe3
Bc6+ 32. Bg2 Bxb7 33. Bxb7 Rb8 34. Be4 Rb1+ 35. Kg2 Rb2
36. Rf2 Rxf2+ 37. Qxf2 d2 38. Bf3 d1=Q 39. Bxd1 Rxd1 0-1

[Event "FIDE Online Olympiad"]
[Site "Chess.com"]
[Date "2020.08.14"]
[EventDate "2020.08.14"]
[Round "2"]
[Result "0-1"]
[White "Nazrana Khan"]
[Black "Nastassia Ziaziulkina"]
[WhiteElo "2013"]
[BlackElo "2299"]
[PlyCount "90"]

1. d4 d5 2. c4 c6 3. Nf3 Nf6 4. Nc3 e6 5. e3 Nbd7 6. Bd3 dxc4
7. Bxc4 b5 8. Bd3 Bd6 9. O-O O-O 10. e4 e5 11. Be3 a6 12. d5
cxd5 13. Nxd5 Bb7 14. Bg5 h6 15. Nxf6+ Nxf6 16. Bxf6 Qxf6
17. Rc1 Rfd8 18. Qe2 Rac8 19. h3 Bb4 20. a3 Ba5 21. Qe3 Bb6
22. Qe2 Qf4 23. Rcd1 Rc6 24. Bc2 Rdc8 25. Bb3 R6c7 26. Rd6 Bc5
27. Rdd1 Bxe4 28. Rde1 Bxf3 29. Qxf3 Qxf3 30. gxf3 Bd4 31. Re2
Rc1 32. Rxc1 Rxc1+ 33. Kg2 Rb1 34. a4 bxa4 35. Bxa4 Rxb2
36. Rxb2 Bxb2 37. Kg3 Bc1 38. Kg4 g6 39. Kg3 Kg7 40. Be8 Kf6
41. Kg4 Bf4 42. Ba4 h5+ 43. Kh4 Kg7 44. Be8 Kh6 45. Bxf7 g5#
0-1

[Event "FIDE Online Olympiad"]
[Site "Chess.com"]
[Date "2020.08.14"]
[EventDate "2020.08.14"]
[Round "2"]
[Result "0-1"]
[White "Tahsin Tajwar Zia"]
[Black "Mihail Nikitenko"]
[WhiteElo "1890"]
[BlackElo "2406"]
[PlyCount "112"]

1. d4 d5 2. Bf4 Nf6 3. e3 c5 4. c3 e6 5. Nd2 Bd6 6. Bg3 Qc7
7. Ngf3 Nbd7 8. Bb5 O-O 9. Bxd7 Nxd7 10. Bxd6 Qxd6 11. O-O b6
12. Re1 Bb7 13. Qe2 Rfe8 14. Rad1 Rad8 15. dxc5 Nxc5 16. Nb3
Qc7 17. Nfd4 Ne4 18. f3 Nf6 19. g4 g6 20. Qg2 e5 21. Ne2 a5
22. Ng3 a4 23. Nd2 a3 24. bxa3 Qxc3 25. Nb1 Qc8 26. Rc1 Qe6
27. Rc7 Rd7 28. Rec1 Qd6 29. Qc2 d4 30. e4 d3 31. Rxd7 Nxd7
32. Qf2 Nc5 33. Rd1 Ne6 34. Qe3 Nf4 35. h4 Qe7 36. Rxd3 Nxd3
37. Qxd3 Rd8 38. Qc2 Rc8 39. Qd2 Qc5+ 40. Kg2 Qc1 41. Qxc1
Rxc1 42. Nd2 Rc2 43. Nf1 Ba6 44. Kg3 Rxa2 45. h5 Rxa3 46. Nh2
Ra2 47. Nb1 Bc4 48. Nc3 Ra3 49. Nd5 Bxd5 50. exd5 Rd3 51. h6
Rxd5 52. g5 b5 53. Ng4 Kh8 54. Nf6 Rd4 55. Ng4 Rxg4+ 56. Kxg4
b4 0-1

[Event "FIDE Online Olympiad"]
[Site "Chess.com"]
[Date "2020.08.14"]
[EventDate "2020.08.14"]
[Round "2"]
[Result "0-1"]
[White "Aliaksandra Tarasenka"]
[Black "Anjum Noshin"]
[WhiteElo "1827"]
[BlackElo "1676"]
[PlyCount "74"]

1. c4 e5 2. Nc3 Nf6 3. g3 Nc6 4. Bg2 Bb4 5. Nd5 Nxd5 6. cxd5
Ne7 7. e3 c6 8. Qg4 Bd6 9. Qxg7 Ng6 10. Qh6 Bf8 11. Qh5 Bg7
12. Ne2 Qe7 13. O-O O-O 14. Nc3 f5 15. d3 a5 16. Bd2 Ra6
17. f4 exf4 18. exf4 Qc5+ 19. Kh1 cxd5 20. Nxd5 Qc2 21. Bc3
Qxd3 22. Rad1 Qc4 23. Rc1 Qxa2 24. Bxg7 Kxg7 25. Rfe1 Qxb2
26. Rcd1 d6 27. Ne7 Bd7 28. Qg5 Rf7 29. Nxg6 hxg6 30. Bd5 Qf2
31. Rf1 Qc2 32. Bxf7 Kxf7 33. Kg1 Bc6 34. Rf2 Qxd1+ 35. Rf1
Qd4+ 36. Rf2 Rb6 37. Qh6 Rb1# 0-1

[Event "FIDE Online Olympiad"]
[Site "Chess.com"]
[Date "2020.08.14"]
[EventDate "2020.08.14"]
[Round "2"]
[Result "0-1"]
[White "Yoseph Theolifus Taher"]
[Black "Rogelio Barcenilla"]
[WhiteElo "2295"]
[BlackElo "2463"]
[PlyCount "124"]

1. e4 e5 2. Nc3 Nc6 3. g3 g6 4. Bg2 Bg7 5. d3 d6 6. Nge2 Nge7
7. Be3 Nd4 8. h3 Be6 9. Qd2 Qd7 10. f4 h5 11. Bf2 c5 12. Nd1
Nxe2 13. Qxe2 h4 14. fxe5 hxg3 15. Bxg3 dxe5 16. Nf2 Nc6
17. c3 O-O-O 18. b3 f5 19. exf5 gxf5 20. O-O-O Bh6+ 21. Kb1
Qg7 22. Bxc6 Qxg3 23. Bf3 Bd5 24. Bxd5 Rxd5 25. Rde1 Bf4
26. Rhg1 Qh4 27. Qf3 Rd7 28. Rg2 Qh5 29. Qxh5 Rxh5 30. Kc2 Kc7
31. Rg6 Rhh7 32. Rh1 Rdg7 33. Rhg1 Rf7 34. Re1 Rhg7 35. Reg1
Rh7 36. Re1 Kd7 37. Kd1 Ke7 38. Ke2 Rf6 39. Rg8 Rf8 40. Rg6
Rf6 41. Rg8 Rf8 42. Rg6 Rh6 43. Rg7+ Rf7 44. Rg8 Kf6 45. Reg1
b6 46. R1g2 Rhh7 47. R2g6+ Ke7 48. Ra8 Rh6 49. Rxa7+ Kf8
50. Ra8+ Ke7 51. Rgg8 Rd6 52. Ra6 e4 53. Ra7+ Kf6 54. Rxf7+
Kxf7 55. Rg1 Be5 56. dxe4 Bxc3 57. Rd1 Re6 58. Kf3 Bd4 59. Re1
Bxf2 60. Kxf2 fxe4 61. Ke3 Rh6 62. Kxe4 Re6+ 0-1

[Event "FIDE Online Olympiad"]
[Site "Chess.com"]
[Date "2020.08.14"]
[EventDate "2020.08.14"]
[Round "3"]
[Result "0-1"]
[White "Semetey Tologontegin"]
[Black "Novendra Priasmoro"]
[WhiteElo "2322"]
[BlackElo "2312"]
[PlyCount "70"]

1. d4 Nf6 2. Nc3 d5 3. Bf4 g6 4. e3 Bg7 5. h4 h6 6. Be2 a6
7. Nf3 c5 8. a3 Ne4 9. Nxe4 dxe4 10. Ne5 cxd4 11. exd4 Nd7
12. Qd2 Nf6 13. O-O-O Nd5 14. c4 Nxf4 15. Qxf4 Bf5 16. h5 e6
17. hxg6 fxg6 18. g4 h5 19. Kb1 hxg4 20. Rxh8+ Bxh8 21. Bxg4
Qh4 22. Rg1 e3+ 23. Ka2 exf2 24. Rf1 Bxe5 25. Qxe5 Bxg4
26. Qe3 O-O-O 27. Rxf2 Bf5 28. Rf4 Qh1 29. Qe5 Qb1+ 30. Kb3
Qc2+ 31. Kb4 Qxb2+ 32. Kc5 Qxa3+ 33. Kb6 Qd6+ 34. Ka7 Qxe5
35. dxe5 g5 0-1

[Event "FIDE Online Olympiad"]
[Site "Chess.com"]
[Date "2020.08.14"]
[EventDate "2020.08.14"]
[Round "3"]
[Result "0-1"]
[White "Nurai Sovetbekova"]
[Black "Medina Warda Aulia"]
[WhiteElo "1511"]
[BlackElo "2344"]
[PlyCount "122"]

1. d4 e6 2. c4 Nf6 3. Nf3 d5 4. g3 Nbd7 5. Bg2 dxc4 6. O-O Be7
7. Qc2 a6 8. Qxc4 b5 9. Qc2 Bb7 10. a3 c5 11. dxc5 Nxc5
12. Nc3 O-O 13. Rd1 Qc8 14. Bf4 Nd5 15. Bg5 f6 16. Bd2 Nxc3
17. Qxc3 Na4 18. Qxc8 Raxc8 19. b3 Nc5 20. b4 Nb3 21. Rab1
Nxd2 22. Rxd2 Be4 23. Rbd1 Rc3 24. Nd4 Bxg2 25. Kxg2 Kf7
26. Rd3 Rfc8 27. Rxc3 Rxc3 28. Rd3 Rc7 29. Nb3 e5 30. e4 Ke6
31. Kf3 h5 32. Ke3 Rc2 33. Rd2 Rc7 34. f4 g6 35. h3 h4
36. fxe5 hxg3 37. exf6 Bxf6 38. Rd3 g2 39. Kf2 Rc2+ 40. Rd2
Rxd2+ 41. Nxd2 Bb2 42. Nb3 Ke5 43. Kxg2 Bxa3 44. Nc5 Bxb4
45. Nxa6 Bd6 46. Kf3 Kd4 47. h4 Be7 48. Kg4 Kxe4 49. Nc7 b4
50. Nb5 b3 51. Nc3+ Kd3 52. Na4 Kc4 53. Nb2+ Kc3 54. Na4+ Kb4
55. Nb2 Bf6 56. Nd3+ Kc4 57. Nf2 b2 58. Ne4 Bc3 59. Nd6+ Kb4
60. Ne4 b1=Q 61. Nxc3 Kxc3 0-1

[Event "FIDE Online Olympiad"]
[Site "Chess.com"]
[Date "2020.08.14"]
[EventDate "2020.08.14"]
[Round "3"]
[Result "0-1"]
[White "Roven Vogel"]
[Black "Daniel Quizon"]
[WhiteElo "2506"]
[BlackElo "2164"]
[PlyCount "102"]

1. d4 Nf6 2. c4 g6 3. Nc3 Bg7 4. e4 d6 5. Nf3 O-O 6. Be2 e5
7. O-O exd4 8. Nxd4 Nc6 9. Be3 Re8 10. f3 Nh5 11. Nc2 Nf6
12. Qd2 Be6 13. Rad1 Ne5 14. b3 Qc8 15. Bh6 Bd7 16. Bxg7 Kxg7
17. c5 Nc6 18. cxd6 cxd6 19. Nb5 Rd8 20. Nxd6 Qc7 21. Qf4 Qb6+
22. Kh1 Be6 23. Qe3 Qc7 24. Nb5 Qe7 25. Ncd4 Nxd4 26. Nxd4 a6
27. Rd2 Rac8 28. Rfd1 Re8 29. Nxe6+ Qxe6 30. Bc4 Qe7 31. e5
Qxe5 32. Qf2 b5 33. Bf1 Qf4 34. Rd4 Qc7 35. Rd6 Rcd8 36. Qd4
Rxd6 37. Qxd6 Qc2 38. Qd2 Qc7 39. a4 bxa4 40. bxa4 Re6 41. Qd4
Qe7 42. Qc3 Re5 43. Bxa6 Re3 44. Qd2 Qe5 45. Bf1 Ra3 46. Bb5
Nd5 47. h3 Ne3 48. Re1 h5 49. Bd3 Ra1 50. Be4 Nf1 51. Qf2 Qh2#
0-1

[Event "FIDE Online Olympiad"]
[Site "Chess.com"]
[Date "2020.08.14"]
[EventDate "2020.08.14"]
[Round "3"]
[Result "0-1"]
[White "Olga Badelka"]
[Black "Jemal Ovezdurdiyeva"]
[WhiteElo "2246"]
[BlackElo "1924"]
[PlyCount "122"]

1. c4 Nf6 2. Nc3 g6 3. g3 Bg7 4. Bg2 d6 5. e4 Nc6 6. Nge2 O-O
7. O-O a6 8. d3 Rb8 9. a4 e5 10. h3 Nd7 11. Be3 Nc5 12. Nd5 a5
13. Rb1 Bd7 14. b3 Nd4 15. Nxd4 exd4 16. Bc1 g5 17. b4 Bxa4
18. Qh5 axb4 19. Bxg5 f6 20. Bh6 Be8 21. Qg4 Qd7 22. Qxg7+
Qxg7 23. Bxg7 Kxg7 24. Nxb4 Ra8 25. Ra1 Bc6 26. Rfb1 Ba4
27. Bf1 Bc6 28. Nc2 Ne6 29. h4 Ba4 30. Nb4 Nc5 31. Rb2 Bc6
32. Rba2 Ra4 33. Rxa4 Bxa4 34. Nd5 Rf7 35. Ra3 Bc2 36. g4 c6
37. Nb4 Ba4 38. Kh2 Re7 39. Kg3 h6 40. f4 Rc7 41. Be2 b5
42. cxb5 cxb5 43. Nd5 Rb7 44. Nb4 Nb3 45. Kf2 Rc7 46. Ra2 Rc1
47. Rb2 Rh1 48. h5 Rh2+ 49. Kg3 Rh1 50. Kg2 Rc1 51. Kf2 Nc5
52. Nd5 Bd1 53. Ne7 b4 54. Nf5+ Kh7 55. Nxd6 b3 56. Nc4 Rc2
57. Rb1 Bxe2 58. Kg3 Bxd3 59. Nb2 Rg2+ 60. Kxg2 Bxe4+ 61. Kf2
Bxb1 0-1